| 000 | 01181nmm a2200325 a 4500 | ||
|---|---|---|---|
| 001 | ocm0002015907 | ||
| 003 | TR-IsHL | ||
| 005 | 20201028181200.0 | ||
| 008 | 181230s2017 tu tur | ||
| 007 | cr cn | ||
| 020 | _a9786059521222 | ||
| 035 |
_a2015907 _b(N$T) |
||
| 050 | 0 | 4 |
_aG463 _b.M44 2017 |
| 090 | 0 | 4 |
_aG463 _b.M44 2017 |
| 100 | 1 | _aMehmed Refet | |
| 245 | 1 | 0 |
_aFilistin seyahatnamesi (seyahatname-i arz-ı Filistin): malumat-ı tarihiyye ve coğrafya _h[electronic resource] / _cMehmed Refet ; hazırlayanlar Abdülkadir Altın, Nazmi Eroğlu |
| 260 |
_aİstanbul : _bBilge Kültür Sanat, _c2017 |
||
| 300 | _a220 p. | ||
| 650 | 4 | _aSpor, Seyahat ve Turizm | |
| 650 | 4 | _aSports, Travel & Tourism | |
| 650 | 0 | _aVoyages and travels | |
| 650 | 0 | _aYolculuklar ve geziler | |
| 650 | 0 |
_aFilistin _x Tanıtım ve seyahat |
|
| 650 | 0 |
_aPalestine _x Descrption and travel |
|
| 650 | 0 | _aPrens Viktor Napoli Emanuel | |
| 650 | 7 |
_aHISTORY / Middle East / Israel & Palestine _2bisacsh |
|
| 700 | 1 | _aAltın, Abdülkadir | |
| 700 | 1 | _aEroğlu, Nazmi | |
| 856 | 4 | 0 | _uhttp://search.ebscohost.com/login.aspx?direct=true&scope=site&db=e011xww&AN=2015907 |
| 999 |
_c19483 _d19483 |
||